000 00893nam a22002777a 4500
001 BR2012007223
003 BR-BrBNA
005 20230928104051.0
007 ta
008 230509b bl.||||| |||| 00| 0 por d
040 _aBR-BrBNA
_bpor
_cBiblioteca Nacional de Agricultura
041 _a(Por)
072 _aE16
_b1000
090 _ 1000 BR2012007223
110 1 _aMinistério da Agricultura e do Abastecimento, Brasília, DF (Brasil)
_96726
245 1 _aProdução integrada de citros no Brasil. Programa de desenvolvimento da fruticultura
260 3 _aBrasília, DF (Brasil):
_c2000.
300 _a74 p.
500 _aBibliography p. 38-42; Summaries (Eng, Por); 15 illus
650 _aFRUTA CÍTRICA
650 _aPROJETO DE DESENVOLVIMENTO
650 _aPRODUÇÃO VEGETAL
650 _aPROJETO DE DESENVOLVIMENTO
909 _a202309
_bLucia
_c55
_dLucia Elande
942 _cBK
999 _c77954
_d77954